| 000 | 00714cam a2200229 a 4500 | ||
|---|---|---|---|
| 001 | 4924005 | ||
| 005 | 20180110073907.0 | ||
| 008 | 950516s1996 fluab b 001 0 eng | ||
| 010 | _a 95009492 | ||
| 020 | _a0873719301 (acidfree paper) | ||
| 040 |
_aDLC _cDLC _dDLC |
||
| 041 | _aeng | ||
| 080 | _a628.35 KAD | ||
| 082 | 0 | 0 |
_a628.35 KAD _220 |
| 100 | 1 | _a9 | |
| 101 | _aMJE | ||
| 245 | 1 | 0 |
_aTreatment wetlands / _cRobert H. Kadlec, Robert L. Knight. |
| 504 | _aIncludes bibliographical references (p. 839-880) and index. | ||
| 906 |
_a7 _bcbc _corignew _d1 _eocip _f19 _gy-gencatlg |
||
| 942 |
_2ddc _cBK |
||
| 999 |
_c40002 _d40002 |
||